הדורות מאדם ועד אברהם - Statistics

General Stats
  • This quiz has been taken 8 times
  • The average score is 10 of 18
Answer Stats
תשובה % Correct
נח
100%
שת
88%
שם
88%
תרח
88%
חנוך
63%
מתושלח
63%
אנוש
50%
קינן
50%
מהללאל
50%
ירד
50%
פלג
50%
רעו
50%
נחור
50%
למך
38%
ארפכשד
38%
עבר
38%
שלח
25%
שרוג
13%
No matching quizzes found
Score Distribution
Percent of People with Each Score
Percentile by Number Answered
Your Score History
You have not taken this quiz